000 005620000a22001810004500
001 768714001
003 CO-MdFUSB
005 20170504165326.0
008 170504s1996 sp ||||| |||| 00| 0 spa d
040 _aCO-MdFUSB
_bspa
_cCO-MdFUSB
_dCO-MdFUSB
041 _aspa
100 1 _aEscobar, Samuel (1934-)
_eautor
245 1 0 _aHacia una filosofía bíblica de la educación
300 _aVolumen 2, (1996) Páginas 5 - 25
_c21 cm.
546 _aTexto en español
773 0 _tAndamio
_049451
_960438
_gVolumen 2, (1996) Páginas 5 - 25
_qPágina 5
942 _cANA
999 _c49808
_d49808